| 000 | 00755nam a2200241 i 4500 | ||
|---|---|---|---|
| 003 | DO-SdBNP | ||
| 005 | 20251010084227.0 | ||
| 007 | ta | ||
| 008 | 230906e20uu dr ||||| |||| 00| 0 spa d | ||
| 040 |
_aDO-SdBNP _bspa _cBNPHU _erda |
||
| 041 | _aspa | ||
| 082 | 4 |
_axxxx _bR426L _222 |
|
| 110 | 1 |
_aRepública Dominicana _971085 |
|
| 240 | _aLey no. 1542 | ||
| 245 | 1 | 0 |
_aLey de Registro de Tierras: _bdel 11 de octubre de 1947. gaceta oficial no. 6707 y sus modificaciones / |
| 264 | 1 |
_aSanto Domingo : _b[editor no identificado], _c[20--]. |
|
| 300 |
_a120 páginas ; _c21 cm |
||
| 336 |
_atexto _btxt _2rdacontent |
||
| 337 |
_asin mediación _bn _2rdamedia |
||
| 338 |
_avolumen _bnc _2rdacarrier |
||
| 590 | _aInventariado 2023 / MF | ||
| 942 |
_2ddc _cLBS1 |
||
| 999 |
_c54633 _d54633 |
||